00229nam a2200097Ia 4500008004100000082001500041100002000056245002500076260001800101600001200119241002s9999 xx 000 0 und d a953.02 GLU aGlubb, Sir John 4aThe Course of Empire aLondon:c1965 aHistory